00531nam a22001457a 4500041000800000082001600008100001500024245015700039260002500196300000800221650002500229942000900254952010500263999001700368 aENG a297.07bSIM aSimon Paul aA Study on the Christian Response to the Concept of God in 12th Century Islamic Philosophy with special Reference to Avicenna and Wilfred Cantwell Smith aHyderabadbHMIc2025 a102 aComparative Religion cTHES 00104070aHMIbHMIcGENd2025-07-02eStudentl0o297.07 SIMp11-4880r2025-07-02w2025-07-02yTHES c23552d23552